000 00279nam a2200121Ia 4500
008 230312s9999||||xx |||||||||||||| ||und||
082 _a612
_bNOR-I
100 _aNorton;Peter
245 0 _aIntroduction to Computer
300 _a628
650 _aComputer
_vComouter
942 _cBK
999 _c10791
_d10791